Countries by FIFA World Cup Appearances - Statistics

General Stats
  • This quiz has been taken 140 times
    71 since last reset
  • The average score is 24 of 29
Answer Stats
# of Appearances Answer % Correct
16-22 Brazil
100%
7-8 Japan
98%
16-22 Argentina
97%
16-22 Germany
97%
13-15 Spain
97%
13-15 France
95%
16-22 Italy
95%
13-15 Uruguay
95%
13-15 England
94%
16-22 Mexico
94%
11-12 Russia
94%
7-8 Portugal
92%
13-15 Belgium
91%
9-10 United States
91%
9-10 Netherlands
89%
9-10 South Korea
89%
7-8 Poland
84%
11-12 Sweden
81%
9-10 Chile
80%
11-12 Serbia
80%
7-8 Austria
78%
9-10 Czech Republic
78%
9-10 Hungary
78%
11-12 Switzerland
78%
7-8 Romania
58%
7-8 Cameroon
55%
7-8 Bulgaria
53%
7-8 Paraguay
52%
7-8 Scotland
42%
No matching quizzes found
Score Distribution
Percent of People with Each Score
Percentile by Number Answered
Your Score History
You have not taken this quiz since the last reset